000 00694nam a2200217 a 4500
001 000015210
005 20240530073917.0
008 100203s2004 dr 001 f spa d
020 _a9993458287
040 _aDO-SdBNP
_bspa
_cBNPHU
082 _aRD863.44
_bS474a
100 _aSención, Viriato,
_d1941-
_927776
245 1 0 _aAdrianita, que oscura la noche :
_bnovela /
_cViriato Sención.
260 _aSanto Domingo :
_bCentenario,
_c2004.
300 _a144 p. ;
_c21 cm.
500 _aIncluye datos biográficos del autor.
590 _aInventariado, 2019/VM
650 0 _aNovela dominicana
_9223
650 0 _aLiteratura dominicana.
_967
910 _aValidado. Control de calidad MMOLINA
999 _c14781
_d14781